000 00917nam a2200265 a 4500
001 000039364
003 DO-SdBNP
005 20230331073627.0
007 ta
008 090824s1989 dr 000 0 spa d
040 _aDO-SdBNP
_bspa
_cBNPHU
082 4 _a344.729301
_bH557m, 1989
_222
100 _aHernández Rueda, Lupo,
_d1930-2017
_923790
245 1 0 _aManual de derecho del trabajo /
_cLupo Hernández Rueda.
250 _a5a. ed. ampl., corr. y actualizada
260 _aSanto Domingo :
_bInstituto de Estudios del Trabajo,
_c1989.
300 _av. ;
_c23 cm.
500 _aIncluye índice
500 _aIncluye referencias bibliográficas y notas al pie de las páginas
590 _aInventariado, 2022/BT
650 4 _aDerecho laboral
_zRepública Dominicana
_97337
650 4 _aLegislación laboral
_zRepública Dominicana
_911733
910 _aValidado. Control de calidad MFF
942 _2ddc
_cLBS1
999 _c38854
_d38854